Etats Transcontinentales - Statistiques

Statistiques générales
  • Ce quiz a été pris 100 fois
  • Le résultat moyen est 6 sur 8
Statistiques - réponses
Continents Pays % Correct
Europe/Asie Russie
99%
Europe/Asie Turquie
99%
Afrique/Asie Egypte
86%
Europe/Asie Géorgie
79%
Europe/Asie Azerbaïdjan
78%
Europe/Asie Arménie
74%
Amérique du Nord/Amérique du Sud Panama
73%
Europe/Asie Kazakhstan
50%
Aucun quiz correspondant
Distribution des résultats
% des personnes avec chaque résultat
Percentile par nombre de réponses
Votre historique - résultats
Vous n’avez pas pris ce quiz